Tokyo before the next earthquake (Record no. 73258)

MARC details
000 -LEADER
fixed length control field 01014cam a2200229 4500
001 - CONTROL NUMBER
control field ABS67009
008 - FIXED-LENGTH DATA ELEMENTS--GENERAL INFORMATION
fixed length control field 030820n2003 000 0 eng u
035 ## - SYSTEM CONTROL NUMBER
System control number (Sirsi) u123322
100 ## - MAIN ENTRY--PERSONAL NAME
Personal name Fluechter, W.
245 ## - TITLE STATEMENT
Title Tokyo before the next earthquake
260 ## - PUBLICATION, DISTRIBUTION, ETC.
Date of publication, distribution, etc. 2003
490 ## - SERIES STATEMENT
Series statement Town Planning Review
Volume/sequential designation 74(2) April 2003, 213-238(227)
520 ## - SUMMARY, ETC.
Summary, etc. Argues that disaster planning should be an important part of sustainable development policy taking Tokyo as an example. Assesses the development of different approaches to disaster planning strategies and urban planning in Tokyo from the 1950s. Concludes with questions, theories and remarks on disaster prevention in Tokyo from the standpoints of sustainable development, planning theory and practice. References.
590 ## - LOCAL NOTE (RLIN)
Local note ABS
650 ## - SUBJECT ADDED ENTRY--TOPICAL TERM
Topical term or geographic name entry element EARTHQUAKES
650 ## - SUBJECT ADDED ENTRY--TOPICAL TERM
Topical term or geographic name entry element DISASTER PLANNING
650 ## - SUBJECT ADDED ENTRY--TOPICAL TERM
Topical term or geographic name entry element RISK ASSESSMENT
650 ## - SUBJECT ADDED ENTRY--TOPICAL TERM
Topical term or geographic name entry element JAPAN
650 ## - SUBJECT ADDED ENTRY--TOPICAL TERM
Topical term or geographic name entry element TOKYO
690 ## - LOCAL SUBJECT ADDED ENTRY--TOPICAL TERM (OCLC, RLIN)
Topical term or geographic name as entry element ENVIRONMENTAL AND LAND CONSULTANCY-PLANNING AND DEVELOPMENT
942 ## - ADDED ENTRY ELEMENTS (KOHA)
Suppress in OPAC 0
Holdings
Withdrawn status Lost status Source of classification or shelving scheme Damaged status Not for loan Home library Current library Shelving location Date acquired Total Checkouts Full call number Barcode Date last seen Copy number Price effective from Koha item type
    Dewey Decimal Classification     London London Journal article 20/08/2003   ABS67009 123322-1001 06/08/2019 1 06/08/2019 Journal article